000 00932cab a2200289 4500
001 WB3404-09
008 090401t1998 xxu||||| |||| 00| 0 eng d
035 _a(Sirsi) u83345
041 _aeng
245 _aOffice space shortage
260 _c1998
350 _a0
490 _aProperty Week
_v61(3) 23 January 1998, 6(1)
520 _aResearch by Hillier Parker shows that the shortage of office space in the M4/M40 western corridor has led to a surge of speculative development in the region. Table.
650 _aHILLIER PARKER
650 _aM4 CORRIDOR
650 _aM40 CORRIDOR
650 _aOFFICE DEVELOPMENT
650 _aPROPERTY-COMMERCIAL PROPERTY-OFFICE PROPERTY-OFFICE PROPERTY MARKET
650 _aOFFICE SPACE
650 _aSPECULATIVE DEVELOPMENT
650 _aSUPPLY AND DEMAND
650 _aWESTERN CORRIDOR
690 _aPROPERTY-COMMERCIAL PROPERTY
942 _n0
948 _c27/01/1998
999 _c52635
_d52635